[Event "IECG C1.1996.0.00066"]
[Site "IECG email"]
[Date "1997.04.15"]
[Round "?"]
[White "Silva, Flavio Arnaldo Brag"]
[Black "Jonsson, Jonas H"]
[Result "1-0"]
[WhiteElo "2000"]
[BlackElo "1865"]
[PlyCount "65"]
[EventDate "1996.12.13"]
[EventType "tourn (corr)"]
[EventRounds "6"]
[SourceTitle "Corr 2008"]
[Source "ChessBase"]
[SourceDate "2008.06.24"]
[SourceVersion "1"]
[SourceVersionDate "2008.06.24"]
[SourceQuality "1"]

1. d4 Nf6 2. Nf3 e6 3. Bf4 d5 4. e3 c5 5. Nbd2 cxd4 6. exd4 Be7 7. Bd3 0-0 8. c3 Nc6 9. Qc2 Bd7 10. 0-0 Rc8 11. a3 Re8 12. Rfe1 Qb6 13. Qb3 Qxb3 14. Nxb3 h6 15. h3 Nh5 16. Bh2 g5 17. Re2 Bf8 18. Rae1 Red8 19. g3 Nf6 20. g4 a6 21. Kg2 Be7 22. Nfd2 h5 23. f3 Be8 24. Nc5 Bxc5 25. dxc5 hxg4 26. hxg4 Nd7 27. Bd6 e5 28. Rh1 e4 29. fxe4 Nde5 30. Bb1 dxe4 31. Nxe4 Nxg4 32. Nxg5 Nf6 33. Kf3 1-0